|
|
|
|
| LEADER |
00000nam a2200000 a 4500 |
| 001 |
vtls001417018 |
| 003 |
SK-MaSNL |
| 005 |
20260302072320.0 |
| 008 |
240315s2001 xo p r y ger |
| 015 |
|
|
|a SNBA2001/11-03690
|
| 020 |
|
|
|a 8007004211
|
| 035 |
|
|
|a SNK000371797
|
| 035 |
|
|
|a urn:nbn:sk:snk-amlty0
|
| 035 |
|
|
|a urn:nbn:sk:snk-am00cbyw
|
| 035 |
|
|
|a 82F5515F-DD26-4079-BC90-211C8AB7007F
|
| 040 |
|
|
|a SNK
|b slo
|c SNK
|e AACR2
|
| 041 |
0 |
|
|a ger
|
| 044 |
|
|
|a xo
|c SK
|
| 080 |
|
|
|a 803.0-5(075.3)(076.5)
|2 1981
|
| 100 |
1 |
|
|a Justová, Hana
|4 aut
|9 405121
|
| 245 |
1 |
|
|a Wir üben deutsche Grammatik
|c Hana Justová
|
| 260 |
|
|
|a Bratislava
|b Príroda
|c c2001
|
| 300 |
|
|
|a 79 s.
|b tab.
|c 29 cm
|
| 650 |
0 |
7 |
|a nemčina
|x gramatika
|x školy stredné
|x zošity pracovné
|2 SNK
|9 735268
|
| 655 |
|
7 |
|a príručky
|2 SNK
|9 74364
|
| 919 |
|
|
|a 80-07-00421-1
|
| 958 |
|
|
|a TL
|
| 999 |
|
|
|c 1155949
|d 1157879
|
| 952 |
|
|
|t P60, <03>, [BOOK], {603}
|a SNK
|b SNK
|y PREZ
|7 0
|p 17A0307692
|o snkSB 63758
|i snkKSP 9556/2001
|0 0
|1 0
|4 0
|d 2001-07-20
|f 1
|l 0
|r 2025-04-15 00:00:00
|w 2026-02-24
|
| 952 |
|
|
|t P60, <04>, [BOOK], {604}
|a SNK
|b SNK
|y VYP
|7 0
|p 17A0310612
|o snkSB 63758 D1
|i snkKSP 9557/2001
|0 0
|1 0
|4 0
|d 2001-08-13
|l 0
|r 2005-01-02 00:00:00
|w 2026-02-24
|